| 000 | 00931aab a2200217 4500 | ||
|---|---|---|---|
| 001 | 768714001 | ||
| 003 | CO-MdFUSB | ||
| 005 | 20240605143323.0 | ||
| 008 | 170509s1993 cr ||||| |||| 00| 0 spa d | ||
| 022 | _a1409-1968 | ||
| 040 |
_aCO-MdFUSB _bspa _cCO-MdFUSB _dCO-MdFUSB |
||
| 041 | _aspa | ||
| 100 | 1 |
_aHarrison, Gerardo _eautor |
|
| 245 | 1 | 0 |
_aTrabajando por el éxito en una iglesia pequeña _c/ Gerardo Harrison |
| 300 |
_aVolumen 10. Número 5 (1993), páginas 18-22 _c: 27 cm. |
||
| 520 | _aEl trabajar bien y el trabajar a lo grande no son necesariamente la misma cosa. Si usted es pastor de una iglesia pequeña, o si es ministro de una grande y está enviando a un grupo a comenzar una nueva, este artículo le ayudará con pautas prácticas. | ||
| 653 | _aIglecrecimiento | ||
| 773 | 0 |
_tApuntes Pastorales _049442 _960186 _gVolumen 10. Número 5 (1993), páginas 18-22 _qPágina 18 |
|
| 942 | _cANA | ||
| 945 | _aJTF-925 | ||
| 999 |
_c49783 _d49783 |
||